00778 2200289 4500001002100000005001700021008004100038020002200079035002400101082001100125090001800136100001500154245008600169250000900255260002700264300002900291500002800320650003100348700002500379850000900404980001500413985000600428986000900434999001500443999001500458999001500473YOGYA-0209000007314420090227093712.0 ind  a978-979-29-0255-6 0010-020900000073144 a647.94 a647.94bBar H aBARTONO PH aHotel communication managementcBartono PH,Ruffino E.M;editor,Fl.Sigit Suryantoro aEd.1 aYogyakartabAndic2007 axiv,300 hlmbilusc23 cm aBibliografi:hlm 297-298 aManajemen Hotel,losmen Dsb aSriyantoro, Fl.Sigit aBPAD a22-10-2008 a3 aDian a08B0044164 a08B0044165 a08B0044166